El pensamiento ruso

Gespeichert in:
Bibliographische Detailangaben
1. Verfasser: Schinitzky, Lázaro
Format: Buch
Sprache:Undetermined
Veröffentlicht: Buenos Aires, Argentina Claridad 1946
Schlagworte:
Tags: Tag hinzufügen
Keine Tags, Fügen Sie den ersten Tag hinzu!

MARC

LEADER 00000nam a2200000Ia 4500
008 170316s9999 xx 000 0 und d
090 |a 100 S-23p 
100 |a Schinitzky, Lázaro 
245 |a El pensamiento ruso 
260 |a Buenos Aires, Argentina 
260 |b Claridad 
260 |c 1946 
300 |a 287 páginas 
650 |a FILOSOFÍA 
999 |c 17586  |d 17586 
040 |a cru BVZT 
942 |c 15 D  |h 100 S-23p  |2 z